| 000 | 00376nam a22001697a 4500 | ||
|---|---|---|---|
| 003 | SGT | ||
| 020 | _a9789354654619 | ||
| 082 |
_a610.73 _bN22C |
||
| 100 | _aCLEMENT, I. | ||
| 245 | _aNURSING FOUNDATION -I | ||
| 250 | _a1ST | ||
| 260 |
_aINDIA _bJAYPEE PUB _c2022 |
||
| 300 | _a572 | ||
| 650 | _aNURSING FOUNDATION | ||
| 653 | _aNURSING FOUNDATION | ||
| 942 |
_2ddc _cBK _028 |
||
| 999 |
_c24935 _d24935 |
||